Statistics for Champions League Top 50 all-time table (football).

Click here to take the quiz!

General Stats

  • This quiz has been taken 8,019 times
  • The average score is 32 of 50

Answer Stats

HintAnswer% Correct
1.SpainFC Barcelona
99%
3.SpainReal Madrid
99%
4.GermanyFC Bayern Munchen
97%
5.ItalyAC Milan
96%
2.EnglandManchester United
96%
9.EnglandChelsea FC
95%
8.ItalyJuventus FC
95%
13.EnglandLiverpool FC
95%
12.ItalyFC Internazionale Milano
94%
6.EnglandArsenal London
93%
7.PortugalFC Porto
93%
16.HollandAjax Amsterdam
88%
36.FranceParis Saint-Germain FC
88%
19.GermanyBV Borussia 09 Dortmund
87%
26.ScotlandCeltic FC
86%
11.FranceOlympique Lyonnais
85%
29.PortugalS.L. Benfica
84%
18.ScotlandRangers FC
81%
32.FranceOlympique Marseille
78%
20.HollandPSV Eindhoven
78%
10.UkraineDynamo Kiev
77%
14.SpainValencia CF
77%
17.TurkeyGalatasaray SK
74%
35.ItalyAS Roma
72%
25.CroatiaGNK Dinamo Zagreb
61%
24.BelgiumRSC Anderlecht
60%
45.RussiaCSKA Moscow
57%
43.ItalySS Lazio
55%
38.FranceAS Monaco
54%
50.TurkeyBesiktas SK
53%
44.GermanyFC Schalke 04
53%
31.GermanyBayer 04 Leverkusen
52%
34.SwitzerlandFC Basel 1893
50%
37.DenmarkFC Kobenhavn
48%
21.GreeceOlympiacos SFP
46%
22.GreecePanathinaikos AO
46%
27.RussiaSpartak Moscow
46%
47.BelgiumClub Brugge KV
45%
28.Czech Rep.AC Sparta Praha
43%
40.TurkeyFenerbahce SK
43%
23.UkraineShakhtar Donetsk
43%
30.RomaniaSteaua Bucuresti
40%
15.NorwayRosenborg BK
37%
41.GermanySV Werder Bremen
31%
42.SerbiaFK Partizan Belgrade
30%
33.SpainDeportivo La Coruna
29%
39.BelarusBATE Borisov
27%
46.SloveniaNK Maribor
23%
49.SwedenIFK Goteborg
18%
48.MoldovaFC Sheriff Tiraspol
16%

Score Distribution

Percentile by Number Answered

Percent of People with Each Score

Your Score History

You have not taken this quiz